| 000 | 00760nam a22002177a 4500 | ||
|---|---|---|---|
| 005 | 20100809151259.0 | ||
| 010 | _aENG-99119 | ||
| 020 |
_a8181500806 _c290.00 |
||
| 035 | _aEN-82651 | ||
| 037 | _bDBAD/PUB | ||
| 082 | _a954.96 | ||
| 100 |
_aKapoor, B. L. _99479 |
||
| 245 |
_aNepal : _ban historical perspective / _cby B. L. Kapoor |
||
| 260 |
_aNew Delhi _bAravali Book International _c2008 |
||
| 270 |
_aW-30, Okhla Industrial Area, Phase-II _bNew Delhi _e110020 |
||
| 300 |
_a112p. _c22cm (pbk) |
||
| 650 |
_aKings & Rulers _99480 |
||
| 650 |
_zNepal _99481 |
||
| 942 |
_2ddc _cEN _h954.96 _mKAP |
||
| 999 |
_c40399 _d40399 |
||